Multi-criteria decision analysis to support healthcare decisions / (Record no. 25464)
[ view plain ]
| 000 -LEADER | |
|---|---|
| fixed length control field | 00975cam a22002775a 4500 |
| 001 - CONTROL NUMBER | |
| control field | 19423016 |
| 005 - DATE AND TIME OF LATEST TRANSACTION | |
| control field | 20171008113456.0 |
| 008 - FIXED-LENGTH DATA ELEMENTS--GENERAL INFORMATION | |
| fixed length control field | 161228t2017 gw a frb 000 0 eng d |
| 020 ## - INTERNATIONAL STANDARD BOOK NUMBER | |
| International Standard Book Number | 9783319475387 |
| 040 ## - CATALOGING SOURCE | |
| Original cataloging agency | DLC |
| Language of cataloging | eng |
| Transcribing agency | DLC |
| Modifying agency | EG-ScBUE |
| 082 04 - DEWEY DECIMAL CLASSIFICATION NUMBER | |
| Edition number | 22 |
| Classification number | 658.403 |
| Item number | MUL |
| 245 00 - TITLE STATEMENT | |
| Title | Multi-criteria decision analysis to support healthcare decisions / |
| Statement of responsibility, etc | [edited by] Kevin Marsh ... [et al.] |
| 260 ## - PUBLICATION, DISTRIBUTION, ETC. (IMPRINT) | |
| Place of publication, distribution, etc | Cham : |
| Name of publisher, distributor, etc | Springer, |
| Date of publication, distribution, etc | c.2017. |
| 300 ## - PHYSICAL DESCRIPTION | |
| Extent | vi, 329 p. : |
| Other physical details | ill. ; |
| Dimensions | 24 cm. |
| 504 ## - BIBLIOGRAPHY, ETC. NOTE | |
| Bibliography, etc | Includes bibliographical references. |
| 650 #7 - SUBJECT ADDED ENTRY--TOPICAL TERM | |
| Source of heading or term | BUEsh |
| Topical term or geographic name as entry element | Medical care |
| General subdivision | Decision making. |
| 650 #7 - SUBJECT ADDED ENTRY--TOPICAL TERM | |
| Source of heading or term | BUEsh |
| Topical term or geographic name as entry element | Multiple criteria decision making. |
| 650 #7 - SUBJECT ADDED ENTRY--TOPICAL TERM | |
| Source of heading or term | BUEsh |
| 9 (RLIN) | 32506 |
| Topical term or geographic name as entry element | Health promotion. |
| 650 #7 - SUBJECT ADDED ENTRY--TOPICAL TERM | |
| 9 (RLIN) | 35142 |
| Topical term or geographic name as entry element | Pharmacy management. |
| Source of heading or term | BUEsh |
| 651 ## - SUBJECT ADDED ENTRY--GEOGRAPHIC NAME | |
| Source of heading or term | BUEsh |
| 653 ## - INDEX TERM--UNCONTROLLED | |
| Resource For college | Pharmacy |
| Arrived date list | October2017 |
| 655 ## - INDEX TERM--GENRE/FORM | |
| Form subdivision | Text book |
| -- | 33728 |
| 700 1# - ADDED ENTRY--PERSONAL NAME | |
| Personal name | Marsh, Kevin, |
| Relator term | editor. |
| 856 ## - ELECTRONIC LOCATION AND ACCESS | |
| Uniform Resource Identifier | <a href="https://ezproxy.bue.edu.eg:2305/content/pdf/10.1007%2F978-3-319-47540-0.pdf">https://ezproxy.bue.edu.eg:2305/content/pdf/10.1007%2F978-3-319-47540-0.pdf</a> |
| 942 ## - ADDED ENTRY ELEMENTS (KOHA) | |
| Source of classification or shelving scheme | Dewey Decimal Classification |
| Withdrawn status | Item status | Source of classification or shelving scheme | Damaged status | Not for loan | Vendor | Home library | Current library | Shelving location | Date acquired | Source of acquisition | Cost, normal purchase price | Total Checkouts | Full call number | Barcode | Date last seen | Uniform Resource Identifier | Koha item type | Total Renewals | Date last borrowed |
|---|---|---|---|---|---|---|---|---|---|---|---|---|---|---|---|---|---|---|---|
| Dewey Decimal Classification | Baccah | Central Library | Central Library | First floor | 08/10/2017 | Purchase | 1550.00 | 658.403 MUL | 000042041 | 15/07/2025 | https://ezproxy.bue.edu.eg:2305/content/pdf/10.1007%2F978-3-319-47540-0.pdf | NB - Book (Non borrowing) | |||||||
| Dewey Decimal Classification | Baccah | Central Library | Central Library | First floor | 08/10/2017 | Purchase | 1 | 658.403 MUL | 000042042 | 15/07/2025 | https://ezproxy.bue.edu.eg:2305/content/pdf/10.1007%2F978-3-319-47540-0.pdf | Book - Borrowing | 8 | 10/10/2017 |